000
00317nam a2200133Ia 4500
005
20251222142028.0
008
251222s9999||||xx |||||||||||||| ||spa||
020
_a
84-206-7238-6
082
_a
848.9/C24H/2001
100
_a
Camus, Albert
245
0
_a
El Hombre Rebelde
264
_b
Alianza Editorial
942
_c
LIB
999
_c
10878
_d
10878